000 00670pam a2200229 a 4500
001 3368000
005 20180129042126.0
008 870630s1988 moua b 001 0 eng c
010 _a 87020246
020 _a0801622603 (pbk.)
040 _aDNLM/DLC
_cDLC
_dDLC
041 _aeng
060 _aQV 50 C641
080 _a615.10246176 hor
082 0 0 _a615.10246176 hor
_219
100 _a5
101 _apha
245 0 0 _aClinical pharmacology in dental practice /
_c[edited by] Sam V. Holroyd, Richard L. Wynn, Barbara Requa-Clark.
504 _aIncludes bibliographies and index.
906 _a7
_bcbc
_corignew
_d1
_eocip
_f19
_gy-gencatlg
942 _2ddc
_cBK
999 _c41135
_d41135